000 00311nam a22001337a 4500
020 _a978-81-224-2391-4
082 _a300
_bSIN/S
100 _aJP SINGHAL
245 _aGOLDEN SOCIAL SCIENCE
260 _aDELHI
_bLAXMI PUBLICATIONS
300 _a599
650 _aSOCIAL SCIENCE FOR CLASS VIII
_zINDIA
942 _cBK
999 _c963
_d963